Cuentas económicas departamentales 2005 - 2005 / (Registro nro. 8583)

Detalles MARC
000 -LEADER
fixed length control field 00864nam a2200217Ia 4500
003 - CONTROL NUMBER IDENTIFIER
control field OSt
005 - DATE AND TIME OF LATEST TRANSACTION
control field 20210922163405.0
008 - FIXED-LENGTH DATA ELEMENTS--GENERAL INFORMATION
fixed length control field 210310s2006 ck ad fr 000 0 spa d
020 ## - INTERNATIONAL STANDARD BOOK NUMBER
International Standard Book Number 9583398160
040 ## - CATALOGING SOURCE
Original cataloging agency CO-JMCR
Transcribing agency CO-JMCR
041 0# - LANGUAGE CODE
Language code of text/sound track or separate title spa
082 04 - DEWEY DECIMAL CLASSIFICATION NUMBER
Classification number 339.38 /
Item number G574c
Edition number 23
110 2# - MAIN ENTRY--CORPORATE NAME
Corporate name or jurisdiction name as entry element Gobernación de Cundinamarca
9 (RLIN) 40727
245 10 - TITLE STATEMENT
Title Cuentas económicas departamentales 2005 - 2005 /
Statement of responsibility, etc. Gobernación de Cundinamarca
260 ## - PUBLICATION, DISTRIBUTION, ETC.
Place of publication, distribution, etc. [Bogotá] :
Name of publisher, distributor, etc. Gobernación de Cundinamarca,
Date of publication, distribution, etc. 2006
300 ## - PHYSICAL DESCRIPTION
Extent 73 páginas :
Other physical details ilustraciones y gráficas a color ;
Dimensions 28 cm.
505 0# - FORMATTED CONTENTS NOTE
Formatted contents note Justificación y aspectos metodológicos -- Economía colombiana -- Estructura y dinámica de la economía departamental -- Comercio exterior en Cundinamarca
650 14 - SUBJECT ADDED ENTRY--TOPICAL TERM
Topical term or geographic name entry element Economía colombiana
9 (RLIN) 17697
650 24 - SUBJECT ADDED ENTRY--TOPICAL TERM
Topical term or geographic name entry element Economía departamental
Geographic subdivision Cundinamarca
9 (RLIN) 40728
942 ## - ADDED ENTRY ELEMENTS (KOHA)
Source of classification or shelving scheme Dewey Decimal Classification
Koha item type Books
Existencias
Withdrawn status Lost status Source of classification or shelving scheme Damaged status Not for loan Collection code Home library Current library Date acquired Source of acquisition Full call number Barcode Date last seen Copy number Koha item type
    Dewey Decimal Classification     Non-fiction Biblioteca Pública José María del Castillo y Rada Biblioteca Pública José María del Castillo y Rada 04/15/2018 Donación 339.38 / G574c 430006244 05/16/2024 Ej.1 Books